000 01348nam a22002657a 4500
005 20170124103205.0
010 _aB-111088
020 _c450.00
_a8179010287
035 _aB-111088
037 _bCen Lib/Ret
040 _aDPL
_bHN
082 _a301
_bकूनका
100 _aकून, कार्लटन एस.
_947873
245 _aमानव की कहानी :
_cकार्लटन एस.कून ; अनुवादक विराज
_b प्रथम मानव से लेकर आदिम संस्कृति और उसके बाद तक /
246 _aManav ki kahani : pratham manav se lekar adim sanskriti aur uske bad tak /
_bby Karltan S.Koon ; anuvadak Viraj
260 _aनयी दिल्ली
_bसुयोग्य प्रकाशन
_c2005
270 _bनयी दिल्ली
_aW-116, ग्रेटर कैलाश-I
_e110048
300 _aviii,456पृ. :
_c20सेमी(सजिल्द)
_bसचित्र
650 _aआदिम मानव
_91541
650 _aआदिम मानव -- सूर्य की शक्ति
_993406
650 _aPrimitive man
_993407
650 _aPrimitive man - the power of the sun
_993408
700 _a विराज
_96954
942 _2ddc
_cHN
_h301
_mकूनका
999 _c120922
_d120922